Great stories by nobel prize winners/ (Record no. 160707)

MARC details
000 -LEADER
fixed length control field 00533nam a22001817a 4500
005 - DATE AND TIME OF LATEST TRANSACTION
control field 20190214112539.0
010 ## - LCCN (DPL NO)
LC control number ENG-124779
020 ## - INTERNATIONAL STANDARD BOOK NUMBER
International Standard Book Number 9789383501786
Terms of availability 850.00
035 ## - SYSTEM CONTROL NUMBER
System control number EN-108311
037 ## - SOURCE OF ACQUISITION
Source of stock number/acquisition DBAD/PUB
082 ## - DEWEY DECIMAL CLASSIFICATION NUMBER
Classification number S
100 ## - MAIN ENTRY--PERSONAL NAME
Personal name Garg, Manoj
245 ## - TITLE STATEMENT
Title Great stories by nobel prize winners/
Statement of responsibility, etc by Manoj Garg
260 ## - PUBLICATION, DISTRIBUTION, ETC. (IMPRINT)
Place of publication, distribution, etc Delhi
Name of publisher, distributor, etc Dolphin Books
Date of publication, distribution, etc 2018
270 ## - ADDRESS
Address Shop No.9A, 22 Number lane, Plot No.4735, Old Medical Asso.Road
City Daryaganj, Delhi
Postal code 110002
300 ## - PHYSICAL DESCRIPTION
Extent 239p.
Dimensions 23cm(Hb)
942 ## - ADDED ENTRY ELEMENTS (KOHA)
Source of classification or shelving scheme Dewey Decimal Classification
Item type English Books
Classification part S
Call number suffix GAR
Holdings
Withdrawn status Lost status Not for loan Collection code Home library Current library Date acquired Source of acquisition Cost, normal purchase price Full call number Barcode Copy number Cost, replacement price Koha item type
    Not For Loan Fiction D.B.Act.Division Patel Nagar 08/02/2019 DBAD/PUB 850.00 S GAR EN-108311 1 850.00 English Books

© Delhi Public Library
Hit Counter
free hit counter